| 000 | 00710nam a22002057a 4500 | ||
|---|---|---|---|
| 005 | 20251108170826.0 | ||
| 008 | 250721s1996 xx 000 0 ara d | ||
| 082 | 1 | 4 | _a343.56502/نصا |
| 100 | 1 | _aأبو نصار، محمد | |
| 245 | 1 | 0 |
_aالضرائب و محاسبتها : _bبين النظرية و التطبيق - قانون ضريبة الدخل رقم 57 و تعديلاته حتى سنة 1996 / |
| 264 | 1 |
_aعمان : _c1996. |
|
| 300 | _a616ص | ||
| 650 | 1 | 7 | _aالمحاسبة |
| 650 | 1 | 7 | _aمحاسبة الضرائب |
| 650 | 1 | 7 | _aالضرائب |
| 700 | 1 | _aالمشاعلة، محفوظ | |
| 700 | 1 | _aالشهوان، فراس عطا الله | |
| 942 |
_2ddc _cBK |
||
| 999 |
_c49903 _d49903 |
||